000 00337nam a22001453 4500
001 206729
005 20250526145847.0
090 _a206729
100 _a20250526 ukry50
101 _aukr
102 _aUA
200 _a
210 _d2025
801 _2unimarc
_aUA
_gpsbo
942 _cNEWSPAPER